The tempest
Gespeichert in:
| 1. Verfasser: | |
|---|---|
| Format: | Buch |
| Sprache: | Englisch |
| Veröffentlicht: |
Harmondsworth
Penguin Books
1937
|
| Schriftenreihe: | The Penguin Shakespeare
|
| Schlagworte: | |
| Tags: |
Tag hinzufügen
Keine Tags, Fügen Sie den ersten Tag hinzu!
|
MARC
| LEADER | 00000nam a2200000 a 4500 | ||
|---|---|---|---|
| 001 | UCQ3880 | ||
| 003 | CL-VaPUC | ||
| 008 | 980828e19370000uk |||||||||||||||||eng|d | ||
| 082 | 0 | 4 | |a 822 |b SHA |2 21 |
| 100 | |a Shakespeare, William |e author |9 265757 | ||
| 245 | 1 | 4 | |a The tempest |
| 300 | |a 104 p | ||
| 942 | |c BK | ||
| 945 | |d 19980828 00:00:00 |a crobeson | ||
| 260 | |a Harmondsworth |b Penguin Books |c 1937 | ||
| 650 | 0 | |a Dramas ingleses |9 269396 | |
| 650 | 0 | |a Literatura inglesa |9 312907 | |
| 583 | |a last modification |c 20171204 02:42:34 |k Rodrigo Vera | ||
| 490 | 0 | |a The Penguin Shakespeare | |
| 999 | |c 274391 |d 274389 | ||
| 952 | |0 0 |1 0 |4 0 |6 822_000000000000000_SHA_1937 |7 0 |8 A |9 310548 |a BIBEDU |b BIBEDU |d 2019-11-20 |i 1459287 |o 822 SHA 1937 |p 1459287 |r 2019-11-20 |w 2019-11-20 |y BK |k LIT | ||